| 000 | 00548nam a22001817a 4500 | ||
|---|---|---|---|
| 003 | OSt | ||
| 005 | 20250507162252.0 | ||
| 008 | 250429b |||||||| |||| 00| 0 eng d | ||
| 020 | _a9783319118321 | ||
| 040 | _cRDA | ||
| 100 |
_aLOZOVANU,DMITRII., _eAUTHOR _9753377 |
||
| 245 |
_aOPTIMAZATION OF STOCHASTIC DISCRETE SYSTEMS AND CONTROL ON COMPLEX NETWORKS _cBy Dmitrii Lozovanu and Stefan Pickl |
||
| 260 |
_aUSA _bSpringer _c2015 |
||
| 300 | _axix,400P | ||
| 650 | _2Networks | ||
| 700 |
_aPickl, Stefan., _eAuthor _9753378 |
||
| 942 |
_2CC _cGB _n0 |
||
| 999 |
_c1309718 _d1309718 |
||